The terrible chenoo : a story from North America
| Format: | Book |
|---|---|
| Published: |
Cambridge :
Barefoot Books ,
2011
|
| Series: | Monster stories
|
| Subjects: |
MARC
| LEADER | 00000cam a2200000 7i4500 | ||
|---|---|---|---|
| 001 | 0000177607 | ||
| 005 | 20131118.0 | ||
| 020 | |a 9781846865565 | ||
| 090 | 0 | 0 | |a JF |b TER |
| 245 | 0 | 4 | |a The terrible chenoo : |b a story from North America |
| 260 | |a Cambridge : |b Barefoot Books , |c 2011 | ||
| 300 | |a 48p. : |b ill. ; |c 21cm. | ||
| 490 | 0 | |a Monster stories | |
| 500 | |a Play & Learn Library | ||
| 650 | 0 | 0 | |a Children's stories |
| 999 | |a 00284046 |b BUKU |c JUNIOR REFERENCE |e PERPUSTAKAAN KOMUNITI PETALING JAYA | ||